Statistiques concernant Géographie - Lettre C

Cliquez ici pour prendre le quiz!

Statistiques générales

  • Ce quiz a été pris 362 fois
  • Le résultat moyen est 6 sur 13

Statistiques - réponses

Élément de réponseRéponse% Correct
Arène italienneColisée
80%
État insulaire dans l'océan AtlantiqueCap-Vert, Cuba
74%
Mer qui se situe en plein milieu de l'AsieCaspienne
59%
Pays dirigeant l'île Dawson, en Terre de FeuChili
59%
Préfecture du Puy-de-DômeClermont-Ferrand
54%
Région du Centre-Ouest de l'Asie (Russie, Géorgie, Azerbaïdjan, Arménie, Iran, Turquie)Caucase
48%
Capitale proche du Sénégal, de la Gambie, de la Guinée-Bissau et de la Sierra LeoneConakry
48%
Monnaie : Franc rassemblant le plus de paysCFA
42%
Parc national irlandais connu pour ses lacs (Parc national du ...)Connemara
38%
Îles indépendantes de la Nouvelle-Zélande mais encore liées politiquementCook
26%
Fleuve de 381 km prenant sa source dans la Haute-Vienne pour terminer dans l'AtlantiqueCharente
22%
Golfe mexicain au nom pourtant originaire des États-Unis d'Amérique (Golfe de ...)Californie
21%
État européen reconnu seulement par la TurquieChypre du Nord
14%

Distribution des résultats

Percentile par nombre de réponses

% des personnes avec chaque résultat

Votre développement - résultats

Vous n’avez pas pris ce quiz